000 00931nam a2200205 i 4500
001 185617
003 ES-MaACL
005 20250812224617.0
008 160728s1920 sp |||| | spa d
100 0 _aPalacios, J.
_9192357
245 1 4 _aLos espectros de rayos roentgen :
_bla constitución de los átomos y la estructura de los cristales /
_cpor J. Palacios.
260 _aMadrid :
_bJunta para Ampliación de Estudios e Investigaciones Científicas. Instituto Nacional de Ciencias,
_c1920.
300 _ap. ;
_c22 cm.
490 1 _aTrabajos del Laboratorio de Investigaciones Físicas. Memorias de información ;
_v8
710 2 _aJunta para la Ampliación de Estudios e Investigaciones Científicas.
_95413
710 2 _aInstituto Nacional de Ciencias Físico-Naturales.
_95145
830 1 0 _aTrabajos del Laboratorio de Investigaciones Físicas
_v8
_9192351
852 4 _aES-MaACL
_jB-13198(8)
999 _c185617
_d185617